LEADER 01578nam a2200373 a 4500 001 000000123919 003 CaOOAMICUS 005 20101209144200.0 008 101209s2010 it u000 u ita r 020 $a978-88-15-13821-7 040 $aPUL$bita 041 1 $aita$hger 082 04$a340.5 100 1 $aManthe, Ulrich.$0(OLS)http://pul/name/78156 240 10$aGeschichte des römischen Rechts.$lItaliano.$0(OLS)http://pul/title/156216 245 10$aStoria del diritto privato romano /$cUlrich Manthe ; traduzione e note esplicative di Filippo Briguglio ; prefazione di Francesco Galgano. 260 $aBologna :$bIl Mulino,$c©2010. 300 $a134 p. ;$c22 cm 490 1 $aItinerari. Diritto 500 $aInclude indici. 504 $aBibliografia p. [123]-127. 650 4$aDiritto romano privato.$0(OLS)http://pul/subject/988 700 1 $aBriguglio, Filippo.$0(OLS)http://pul/name/78157 700 1 $aGalgano, Francesco.$0(OLS)http://pul/name/24116 830 0$aItinerari.$pDiritto.$0(OLS)http://pul/title/136387 850 $aPUL 852 $aPUL$W1$xSL Diritto e Scienze Sociali 3$y79$m340. 5 MANUL 1$j142789$qDDC 21$B141728$CPULBib$Z2$F141728 $H115332 $82 941 1 $a9 960 $aDiritto privato romano$9988 996 $6020$a978-88-15-13821-7$9(OLS)http://pul/number/146097 996 $6082$a340.5$9(OLS)http://pul/classification/1655 996 $6245$aStoria del diritto privato romano$9(OLS)http://pul/title/142248 996 $6260$aBologna :$bIl Mulino$9(OLS)http://pul/publisher/47928 LEADER 01963nam a2200409 a 4500 001 000000149436 003 CaOOAMICUS 005 20160216150329.0 008 160216s2015 it af u000 u ita r 020 $a978-88-382-4370-7* 032 $aLibriCat 040 $aPUL$bita 082 04$a262.52 100 1 $aColombo, Giuseppe,$d1923-2005.$0(OLS)http://pul/name/6748 245 10$aPaolo VI e il Concilio Vaticano II : $bper un incontro fra teologia e pastorale /$cGiuseppe Colombo ; a cura di Marco Vergottini. 260 $aBrescia :$bIstituto Paolo VI ;$aRoma :$bStudium,$c©2015. 300 $aXI, 404 p., [6] c. di tav. :$bill. ;$c24 cm. 490 1 $aQuaderni dell'Istituto ;$v33 500 $aIn testa al front.: Istituto Paolo VI - Brescia. 600 04$aPaulus PP.$bVI,$csanto,$d1897-1978.$0(OLS)http://pul/subject/5648 611 24$aConcilium Vaticanum$n(2 :$d1962-1965).$0(OLS)http://pul/subject/71 700 1 $aVergottini, Marco,$d1956-$0(OLS)http://pul/name/64697 830 0$aQuaderni dell'Istituto Paolo VI ;$v33.$0(OLS)http://pul/title/7485 850 $aPUL 852 $aPUL$W1$xSL Religione 3$y85$m262. 52 COLGI 1$j172081$qDDC 21$B173702$CPULBib$Z2$F173702 $H127181 $81 941 1 $a9 960 $aConcilio Vaticano II (1962-1965)$971 960 $aPapi (1963-1978 : Paulus PP. VI)$95648 960 $aPapi (1963-1978 : Paulus PP. VI)$95648 960 $aPaolo VI,$cpapa, b.,$d1897-1978$95648 960 $aMontini, Giovanni Battista,$cb.,$d1897-1978$95648 996 $6020$a978-88-382-4370-7*$9(OLS)http://pul/number/159711 996 $6082$a262.52$9(OLS)http://pul/classification/356 996 $6245$aPaolo VI e il Concilio Vaticano II : $bper un incontro fra teologia e pastorale$9(OLS)http://pul/title/188404 996 $6260$aBrescia :$bIstituto Paolo VI$9(OLS)http://pul/publisher/50785 996 $6260$aRoma :$bStudium$9(OLS)http://pul/publisher/47892